Diccionario de teología dogmática /

Kaydedildi:
Detaylı Bibliyografya
Yazar: Beinert, Wolfgang (dirección)
Materyal Türü: Kitap
Dil:İspanyolca
Baskı/Yayın Bilgisi: Barcelona, España : Herder, 1990, c1990
Etiketler: Etiketle
Etiket eklenmemiş, İlk siz ekleyin!

MARC

LEADER 00000nam^a2200000^a^4500
001 000614453
005 20250521000000.0
009 20260310133642.215
020 |a 84-254-1668-X 
037 |a Acervo Xavier Clavigero 
041 |a ESP 
091 |a FDU. 01468 
100 |a Beinert, Wolfgang  |e (dirección) 
245 1 0 |a Diccionario de teología dogmática / 
264 4 |a Barcelona, España :  |b Herder,  |c 1990, c1990 
300 |a 803 p. 
336 |a texto  |b txt  |2 rdacontenido 
337 |a sin mediación  |b n  |2 rdamedio 
338 |a volumen  |b nc  |2 rdasoporte 
649 |a XX 
910 |a Fondo Víctor Raúl Durana Valerio S.J. 
920 |a Impresos - Libros 
930 |a Fondos Especiales 
905 |a 116 
901 |a 614453-10  |b IT2  |c ESP  |i D4423  |u 20250521 
902 |a https://opac.biblio.iteso.mx/vufind/Record/000614453